000 00426nam a22001817a 4500
003 koha_MIRAKIL
005 20231213065345.0
008 231213b |||||||| |||| 00| 0 ||| d
020 _b9-75619519-3
040 _aTR-IsEVY
_btur
_cTR-IsEVY
082 _a891.733 GOG/Ö
100 _aGOGOL,.
245 0 _aÖLÜ CANLAR.
260 _bKARANFİL,
_c2009
300 _a272.
650 _aTürk Edebiyatı.
942 _2ddc
_cBK
999 _c2300
_d2300